000 00505nam a22001937a 4500
003 OSt
005 20260427081923.0
008 260427b |||||||| |||| 00| 0 eng d
020 _a971-084-868-2
040 _aDWC-Main Lib.
_cOC
082 _aRes. 512.9 R259c 1990
100 _aRees, Paul K.
245 _aCollege algebra/
_cPaul K. Rees
250 _a10th ed.
260 _bNational book store
300 _av, 574 p, ;
_c23 cm.
500 _aIncludes index.
942 _2ddc
_cBK-0 CIRC
_hRes.
_n0
999 _c9962
_d9962